| 000 | 02337nam0a2200421 4500 | ||
|---|---|---|---|
| 001 | RU\NLR\bibl\608467 | ||
| 005 | 20250610143643.0 | ||
| 010 |
_a5-8232-0012-9 _bв пер. _9500 |
||
| 021 |
_aRU _b2004-41022 _92038 |
||
| 035 | _aRSL-KNO-002451419 | ||
| 035 | _a(NLR Aleph) 000600378 | ||
| 090 |
_a1768137 _c1768137 |
||
| 100 | _a20040713d2004 |||y0rusy50 ca | ||
| 101 | 0 | _arus | |
| 102 | _aRU | ||
| 105 | _aa ||||||||| | ||
| 106 | _ar | ||
| 200 | 1 |
_aРусский учебный рисунок _eпетербург. акад. худож. шк. конца XVIII - начала XX века _eучеб.-метод. пособие по направлению 540700 Худож. образование для пед. вузов _fВ. В. Бабияк |
|
| 210 |
_aСПб. _cГиппократ _d2004 _eГИПП Искусство России |
||
| 215 |
_a292, [1] с., [4] л. цв. ил. _cил. _d25 |
||
| 320 | _aБиблиогр. в конце кн. | ||
| 320 | _aУказ. имен.: с. 278-284 | ||
| 606 | 0 |
_aРисунок _xМетодика преподавания _92207610 _3RU\NLR\AUTH\661326281 |
|
| 606 | 0 |
_aРисунок _xПреподавание _92207612 _3RU\NLR\AUTH\661326282 |
|
| 606 | 1 |
_aРисунок русский _z18 - 19 вв. _92366108 _3RU\NLR\AUTH\661412575 |
|
| 610 | 0 | _aИскусство. Искусствознание -- Графика -- Образование в области графических искусств -- Методика преподавания | |
| 610 | 0 | _aИскусство. Искусствознание -- Графика -- Рисунок -- История рисунка -- Русский рисунок -- Творческий метод. Стили, направления, школы и группировки -- Художественные кружки, группировки, объединения -- Учебно-методические пособия для высшей школы | |
| 686 | _aЧ489.716 | ||
| 686 | _aЩ153(2Р=Рус)5-44 | ||
| 700 | 1 |
_aБабияк _bВ. В. _gВячеслав Вячеславович _4070 |
|
| 801 | 0 |
_aRU _bRuMoRKP _c20040713 _grcr |
|
| 801 | 1 |
_aRU _bRuMoRGB _c20040713 |
|
| 801 | 2 |
_aRU _bNLR _c20050210 _gPSBO |
|
| 830 | _aавт по кн | ||
| 942 | _cBOOK | ||
| 980 | _aNB | ||